[Event "Loebau-Zittau KSK op"]
[Site "Leutersdorf"]
[Date "2004.02.14"]
[Round "4"]
[White "Seifert, Matthias"]
[Black "Binner, Manuel"]
[Result "0-1"]
[WhiteElo "1042"]
[BlackElo "1463"]
[PlyCount "46"]
[EventDate "2004.02.13"]
[EventType "swiss"]
[EventRounds "7"]
[EventCountry "GER"]
[SourceTitle "CBM 098 Extra"]
[Source "ChessBase"]
[SourceDate "2004.03.10"]
[SourceVersion "2"]
[SourceVersionDate "2004.03.10"]
[SourceQuality "1"]

1. e4 e5 2. Nf3 Nc6 3. Bc4 Nf6 4. Nc3 Bc5 5. d3 h6 6. 0-0 Nd4 7. Nxd4 Bxd4 8. Nb5 Bb6 9. Qf3 0-0 10. b3 c6 11. Na3 Bd4 12. Rb1 d5 13. exd5 Bg4 14. Qg3 cxd5 15. Be3 dxc4 16. bxc4 Bxe3 17. Qxe3 Re8 18. Rb5 Qe7 19. Re1 Qxa3 20. Rxe5 Rxe5 21. Qxe5 Re8 22. Qa1 Rxe1+ 23. Qxe1 Qxa2 0-1

[Event "Loebau-Zittau KSK op"]
[Site "Leutersdorf"]
[Date "2004.02.14"]
[Round "5"]
[White "Seifert, Matthias"]
[Black "Schaetz, Annika"]
[Result "0-1"]
[WhiteElo "1042"]
[BlackElo "1094"]
[PlyCount "76"]
[EventDate "2004.02.13"]
[EventType "swiss"]
[EventRounds "7"]
[EventCountry "GER"]
[SourceTitle "CBM 098 Extra"]
[Source "ChessBase"]
[SourceDate "2004.03.10"]
[SourceVersion "2"]
[SourceVersionDate "2004.03.10"]
[SourceQuality "1"]

1. e4 c5 2. Nf3 d6 3. Nc3 Nf6 4. Bc4 e6 5. d4 cxd4 6. Nxd4 Be7 7. 0-0 0-0 8. Qe2 b6 9. e5 dxe5 10. Qxe5 Bc5 11. Ncb5 Bxd4 12. Nxd4 Bb7 13. Rd1 Qc8 14. Be2 Nc6 15. Nxc6 Qxc6 16. Bf3 Qxc2 17. Rd2 Qc8 18. Qg3 Bxf3 19. Qxf3 Rd8 20. b3 Rxd2 21. Bxd2 Rb8 22. Rc1 Qd7 23. Bf4 Rc8 24. Rxc8+ Qxc8 25. g3 h6 26. h4 Qc2 27. h5 Qb1+ 28. Kg2 Qxa2 29. g4 Qa5 30. Qg3 Qd5+ 31. f3 Qxb3 32. g5 hxg5 33. Qxg5 Qc2+ 34. Kg3 Qc3 35. h6 Ne4+ 36. Kg4 Nxg5 37. Kxg5 Qf6+ 38. Kg4 gxh6 0-1